000 00449nam a2200181Ia 4500
003 OSt
005 20230531114358.0
008 210423s1990 xx 000 0 und d
040 _cAL
041 _aeng
082 _223
_a294.3
_b AHID
100 _aAHIR (D C).
_9117790
245 _aDhamma as by Dr Ambedkar.
260 _aNew Delhi
_bDalit Sahitya Academy
_c1990
300 _a3,30
_bPB
906 _aAmbedkar. ; Dhamma ; Dr
942 _2ddc
_cBK
999 _c174607
_d174607